Statystyki dla Egzotyczne owoce

Kliknij tutaj aby rozwiązać quiz!

Ogólne statystyki

  • Ten quiz został rozwiązany 81 razy
  • Średni wynik to 5 z 10

Statystyki odpowiedzi

Odpowiedź% Poprawnych
Granat
94%
Awokado
92%
Smoczy owoc
76%
Figa
74%
Liczi
68%
Papaja
58%
Karambola
23%
Pomelo
23%
Kiwano
18%
Physalis
12%

Rozkład punktacji

Percentyl według liczby udzielonych odpowiedzi

Procent ludzi z każdym wynikiem

Twoja historia wyników

Nie rozwiązałeś tego quizu